| 000 | 00980 a2200217 4500 | ||
|---|---|---|---|
| 003 | NUST | ||
| 005 | 20221116132805.0 | ||
| 010 | _a 73003891 | ||
| 020 | _a0023608803 | ||
| 040 | _cNust | ||
| 082 | 0 | 0 | _a513.1,JOH |
| 100 | 1 |
_aJohnson, Robert L. _9102701 |
|
| 245 | 1 | 0 |
_aArithmetic mathematics : _ba text for elementary school teachers / _cRobert L. Johnson , Charles R. McNerney. |
| 260 |
_aNew York, _bMacmillan _c[1974] |
||
| 300 |
_axiv, 476 p.: _billus. _c24 cm. |
||
| 505 | _a) Mathematical Language (Page-1), Mathematical Thinking (Page-61), Number and Numeration (Page-93), The Systems of Whole Number (Page-129), The Integers (Page-169), Number theory (Page-213), The Set Of Rational number (Page-263), Real and Complex (Page-315), Probability and Statistics (Page-347), Geometry(Page-367). | ||
| 650 | 0 |
_aArithmetic _xStudy and teaching (Elementary) _9102702 |
|
| 650 | 0 |
_aArithmetic. _939162 |
|
| 700 | 1 |
_aMcNerney, Charles R., _9102703 |
|
| 942 |
_2ddc _cBK _k513.1,JOH |
||
| 999 |
_c180328 _d180328 |
||